Varieties of Javanese religion : An anthropological account
Java is famous for its combination of diverse cultural forms and religious beliefs. In this most comprehensive study of Javanese religion since Clifford Geertz's classic study, Andrew Beatty considers Javanese solutions to problems of cultural difference, and how villagers make sense of their c...
Gardado en:
| Autor Principal: | |
|---|---|
| Formato: | Libro |
| Idioma: | Undetermined |
| Publicado: |
Cambridge, U.K.
Cambridge University Press
1999
|
| Các nhãn: |
Engadir etiqueta
Sen Etiquetas, Sexa o primeiro en etiquetar este rexistro!
|
| Thư viện lưu trữ: | Trung tâm Học liệu Trường Đại học Cần Thơ |
|---|
| LEADER | 01199nam a2200205Ia 4500 | ||
|---|---|---|---|
| 001 | CTU_166944 | ||
| 008 | 210402s9999 xx 000 0 und d | ||
| 020 | |c 45 | ||
| 082 | |a 200.9598 | ||
| 082 | |b B369 | ||
| 100 | |a Beatty, Andrew. | ||
| 245 | 0 | |a Varieties of Javanese religion : | |
| 245 | 3 | |b An anthropological account | |
| 245 | 0 | |c Andrew Beatty | |
| 260 | |a Cambridge, U.K. | ||
| 260 | |b Cambridge University Press | ||
| 260 | |c 1999 | ||
| 520 | |a Java is famous for its combination of diverse cultural forms and religious beliefs. In this most comprehensive study of Javanese religion since Clifford Geertz's classic study, Andrew Beatty considers Javanese solutions to problems of cultural difference, and how villagers make sense of their complex, multi-layered culture. Pantheist mystics, supernaturalists, orthodox Muslims and Hindu converts at once construct contrasting faiths and create a common ground through syncretist ritual. Vividly evoking the local religious life, this book probes beyond the surface of ritual and cosmology, revealing the compromise inherent in practical religion. | ||
| 904 | |i Trọng Hiếu | ||
| 980 | |a Trung tâm Học liệu Trường Đại học Cần Thơ | ||